[Event "NED-ch 1988"]
[Site "Hilversum"]
[Date "1988.??.??"]
[Round "?"]
[White "Van der Sterren, Paul"]
[Black "Vanheste, Jeroen"]
[Result "1-0"]
[WhiteElo "2470"]
[BlackElo "2370"]
[PlyCount "93"]
[EventDate "1988.06.??"]
[Source "ChessBase"]
[SourceDate "1996.11.15"]

1. d4 Nf6 2. c4 g6 3. Nc3 d5 4. Nf3 Bg7 5. Qb3 dxc4 6. Qxc4 O-O 7. e4 Bg4 8.
Be3 Nfd7 9. Rd1 Nb6 10. Qb3 Bxf3 11. gxf3 e6 12. Bb5 a6 13. Be2 Nc6 14. d5 exd5
15. exd5 Ne5 16. d6 Ned7 17. dxc7 Qxc7 18. Ne4 Nc8 19. O-O Ne7 20. Rc1 Nc6 21.
Rfd1 Nf6 22. Nd6 Rab8 23. f4 Qe7 24. Bf3 Rfd8 25. Bc5 Nd7 26. Ba3 Nd4 27. Rxd4
Bxd4 28. Nxf7 Nc5 29. Rxc5 Qxf7 30. Bd5 Rxd5 31. Rxd5 Bf6 32. Kg2 b5 33. Rd3
Qxb3 34. Rxb3 Rc8 35. Bd6 Rc2 36. Be5 Bxe5 37. fxe5 Re2 38. Ra3 Rxe5 39. Rxa6
Kf7 40. Rb6 Rc5 41. Rb7+ Ke6 42. Rxh7 Rc2 43. b4 Rxa2 44. Rb7 Kf5 45. Rxb5+ Kf4
46. Rb8 Rb2 47. b5 1-0

[Event "NED-ch 1988"]
[Site "Hilversum"]
[Date "1988.??.??"]
[Round "?"]
[White "Van der Wiel, John"]
[Black "Brenninkmeijer, Joris"]
[Result "1-0"]
[WhiteElo "2555"]
[BlackElo "2385"]
[PlyCount "91"]
[EventDate "1988.06.??"]
[Source "ChessBase"]
[SourceDate "1996.11.15"]

1. e4 e5 2. Nf3 Nc6 3. Bb5 Nf6 4. O-O Nxe4 5. d4 Nd6 6. Bxc6 dxc6 7. dxe5 Nf5
8. Qxd8+ Kxd8 9. Nc3 h6 10. h3 Bb4 11. Rd1+ Ke8 12. Ne2 Be6 13. Nf4 Bc5 14. b3
Rd8 15. Rxd8+ Kxd8 16. Bb2 g5 17. Rd1+ Kc8 18. Nxe6 fxe6 19. Rd3 Rf8 20. Nd2
Nh4 21. Ne4 Be7 22. g3 Ng6 23. Kg2 Rf5 24. Rf3 h5 25. Nf6 Bxf6 26. exf6 Kd7 27.
Bc1 g4 28. hxg4 hxg4 29. Re3 Re5 30. Rc3 Re1 31. Ba3 Ke8 32. Rc4 Ne5 33. Rf4
Kf7 34. Bb2 Ng6 35. Rxg4 e5 36. Rc4 Kxf6 37. Bc3 Rd1 38. Kf3 Kf5 39. Ke2 Rd5
40. f3 c5 41. Ra4 a6 42. Bb2 c6 43. Ba3 Nf8 44. Rh4 Ne6 45. c3 b5 46. Rh6 1-0

[Event "NED-ch 1988"]
[Site "Hilversum"]
[Date "1988.??.??"]
[Round "?"]
[White "Van der Wiel, John"]
[Black "Kuijf, Rini"]
[Result "1/2-1/2"]
[WhiteElo "2555"]
[BlackElo "2420"]
[PlyCount "41"]
[EventDate "1988.06.??"]
[Source "ChessBase"]
[SourceDate "1996.11.15"]

1. e4 c5 2. Nf3 Nc6 3. d4 cxd4 4. Nxd4 e5 5. Nb5 d6 6. c4 Be7 7. N1c3 a6 8. Na3
Be6 9. Nd5 Bxd5 10. cxd5 Nb8 11. g3 Nd7 12. Bh3 Ngf6 13. Qe2 h5 14. Kf1 g6 15.
Kg2 Kf8 16. f3 Kg7 17. Be3 h4 18. Rac1 Nh7 19. Qd2 Ndf6 20. Nc4 Nh5 21. Nb6
1/2-1/2

[Event "NED-ch 1988"]
[Site "Hilversum"]
[Date "1988.??.??"]
[Round "?"]
[White "Van der Wiel, John"]
[Black "Piket, Jeroen"]
[Result "1/2-1/2"]
[WhiteElo "2555"]
[BlackElo "2470"]
[PlyCount "87"]
[EventDate "1988.06.??"]
[Source "ChessBase"]
[SourceDate "1996.11.15"]

1. e4 c5 2. Nf3 Nc6 3. d4 cxd4 4. Nxd4 g6 5. Nc3 Bg7 6. Nb3 Nf6 7. Be2 O-O 8.
O-O d6 9. Bg5 a5 10. a4 Be6 11. f4 Rc8 12. Kh1 Nb4 13. Nd4 Bc4 14. Ndb5 d5 15.
Bxc4 Rxc4 16. Bxf6 Bxf6 17. exd5 Qb8 18. Qe2 Rxf4 19. d6 Rxf1+ 20. Rxf1 Qd8 21.
Rd1 exd6 22. Rxd6 Qe7 23. Qxe7 Bxe7 24. Rd7 Bd8 25. Rxb7 Nxc2 26. Ne4 f5 27.
Ned6 Bf6 28. Ra7 Nd4 29. Nxd4 Bxd4 30. Rxa5 Rd8 31. Rd5 Bxb2 32. g3 Ba3 33. Ne4
Ra8 34. Ng5 Be7 35. Ne6 Rxa4 36. Rd7 Kf7 37. Nf4 g5 38. Nd5 Ke6 39. Rxe7+ Kxd5
40. Rxh7 Ke4 41. Rb7 Kf3 42. Rb3+ Kg4 43. h4 Kh3 44. g4+ 1/2-1/2

[Event "NED-ch 1988"]
[Site "Hilversum"]
[Date "1988.??.??"]
[Round "?"]
[White "Van der Wiel, John"]
[Black "Vanheste, Jeroen"]
[Result "1/2-1/2"]
[WhiteElo "2555"]
[BlackElo "2370"]
[PlyCount "42"]
[EventDate "1988.06.??"]
[Source "ChessBase"]
[SourceDate "1996.11.15"]

1. e4 c5 2. Nf3 e6 3. d4 cxd4 4. Nxd4 Nf6 5. Nc3 d6 6. g4 Be7 7. g5 Nfd7 8. Be3
Nc6 9. h4 O-O 10. Qe2 Nxd4 11. Bxd4 a6 12. O-O-O b5 13. g6 fxg6 14. h5 b4 15.
Nb1 Qa5 16. hxg6 h6 17. Rh5 Bg5+ 18. Be3 Bxe3+ 19. fxe3 Qc7 20. Nd2 Ne5 21. Nb3
a5 1/2-1/2

[Event "NED-ch 1988"]
[Site "Hilversum"]
[Date "1988.??.??"]
[Round "?"]
[White "Vanheste, Jeroen"]
[Black "Brenninkmeijer, Joris"]
[Result "1/2-1/2"]
[WhiteElo "2370"]
[BlackElo "2385"]
[PlyCount "102"]
[EventDate "1988.06.??"]
[Source "ChessBase"]
[SourceDate "1996.11.15"]

1. d4 d5 2. c4 c6 3. Nf3 Nf6 4. Nc3 dxc4 5. e4 b5 6. e5 Nd5 7. a4 e6 8. axb5
Nxc3 9. bxc3 cxb5 10. Ng5 Bb7 11. Qh5 g6 12. Qg4 Be7 13. h4 h5 14. Qf4 Bxg5 15.
hxg5 Na6 16. Rh4 Rg8 17. g4 hxg4 18. Rh7 Qd7 19. Bg2 Nb4 20. cxb4 Bxg2 21. d5
a5 22. Qf6 Qe7 23. Qxe7+ Kxe7 24. d6+ Ke8 25. bxa5 c3 26. Be3 Rc8 27. O-O-O Bc6
28. Bc5 Bd7 29. Ba3 Rc4 30. Kc2 Ra4 31. Kb3 Rxa5 32. Bb4 Ra4 33. Kxc3 Ra2 34.
Bc5 Rf8 35. Kb3 Ra8 36. Rdh1 Rg8 37. Bb4 Kf8 38. Rc1 Ke8 39. Rch1 Kf8 40. Rc1
Ke8 41. Rc7 Rf8 42. Rh1 Rb8 43. Rhc1 Rh8 44. Rxd7 Rh3+ 45. Kb2 Kxd7 46. Rc7+
Kd8 47. Rxf7 Rf3 48. Rg7 Rxf2+ 49. Kc3 Rf3+ 50. Kd4 Rf4+ 51. Kc5 Rc8+ 1/2-1/2

[Event "NED-ch 1988"]
[Site "Hilversum"]
[Date "1988.??.??"]
[Round "?"]
[White "Vanheste, Jeroen"]
[Black "Cuijpers, Frans"]
[Result "1-0"]
[WhiteElo "2370"]
[BlackElo "2420"]
[PlyCount "79"]
[EventDate "1988.06.??"]
[Source "ChessBase"]
[SourceDate "1996.11.15"]

1. d4 Nf6 2. c4 c6 3. Nc3 d5 4. e3 g6 5. Nf3 Bg7 6. cxd5 cxd5 7. Be2 O-O 8. O-O
Nc6 9. b3 Bf5 10. Bb2 Rc8 11. Rc1 Ne4 12. Nxe4 Bxe4 13. a3 Qd6 14. b4 a5 15. b5
Nb8 16. Qa4 b6 17. Ne5 Bf5 18. Qb3 Rxc1 19. Rxc1 Rc8 20. Rxc8+ Bxc8 21. Qc3 Bb7
22. a4 Bf8 23. Ba3 Qd8 24. Bf3 e6 25. Bxf8 Kxf8 26. g3 Kg7 27. h4 Qc8 28. Qxc8
Bxc8 29. e4 Bb7 30. exd5 exd5 31. Ng4 Nd7 32. Ne3 Nf6 33. g4 Kf8 34. g5 Ne8 35.
Bxd5 Bc8 36. Nc4 Bf5 37. Nxb6 Bc2 38. Nd7+ Ke7 39. Nc5 Nc7 40. b6 1-0

[Event "NED-ch 1988"]
[Site "Hilversum"]
[Date "1988.??.??"]
[Round "?"]
[White "Vanheste, Jeroen"]
[Black "Douven, Rudy"]
[Result "1/2-1/2"]
[WhiteElo "2370"]
[BlackElo "2410"]
[PlyCount "68"]
[EventDate "1988.06.??"]
[Source "ChessBase"]
[SourceDate "1996.11.15"]

1. d4 Nf6 2. c4 e6 3. g3 Bb4+ 4. Bd2 Be7 5. Bg2 d5 6. Nf3 c6 7. Qb3 O-O 8. O-O
b6 9. Nc3 Ba6 10. cxd5 cxd5 11. Rfc1 Nc6 12. Nxd5 Qxd5 13. Qxd5 Nxd5 14. Rxc6
Bxe2 15. Ne5 Rad8 16. Rc2 Bb5 17. a4 Be8 18. a5 Bb5 19. axb6 axb6 20. Nc6 Bxc6
21. Rxc6 Bf6 22. Be3 h6 23. Ra7 b5 24. Rb7 Nb4 25. Rcc7 Bxd4 26. Bxd4 Rxd4 27.
Rxb5 Rd1+ 28. Bf1 Nd5 29. Rcb7 g5 30. Rb8 g4 31. Kg2 Rd2 32. Kg1 Rd1 33. Kg2
Rd2 34. Kg1 Rd1 1/2-1/2

[Event "NED-ch 1988"]
[Site "Hilversum"]
[Date "1988.??.??"]
[Round "?"]
[White "Vanheste, Jeroen"]
[Black "Ligterink, Gert"]
[Result "0-1"]
[WhiteElo "2370"]
[BlackElo "2455"]
[PlyCount "70"]
[EventDate "1988.06.??"]
[Source "ChessBase"]
[SourceDate "1996.11.15"]

1. d4 Nf6 2. c4 e6 3. g3 c5 4. d5 exd5 5. cxd5 d6 6. Nc3 g6 7. Bg2 Bg7 8. Nf3
O-O 9. O-O Na6 10. Bf4 Nc7 11. e4 Bg4 12. Qd2 Bxf3 13. Bxf3 Nfe8 14. a3 Qd7 15.
Rab1 a5 16. b4 axb4 17. axb4 Ra3 18. Rfc1 Na6 19. bxc5 Nxc5 20. Be3 f5 21. Nb5
fxe4 22. Nxa3 exf3 23. Qd1 Ne4 24. Nb5 Qf5 25. Rb4 Be5 26. Nd4 Bxd4 27. Rxd4
N8f6 28. Qd3 Re8 29. Rcc4 b5 30. Rb4 Ra8 31. Rb1 Nc3 32. Qxf5 gxf5 33. Rdd1
Nxb1 34. Rxb1 Nxd5 35. Bd4 b4 0-1

[Event "NED-ch 1988"]
[Site "Hilversum"]
[Date "1988.??.??"]
[Round "?"]
[White "Vanheste, Jeroen"]
[Black "Pieterse, Gert"]
[Result "1/2-1/2"]
[WhiteElo "2370"]
[BlackElo "2400"]
[PlyCount "50"]
[EventDate "1988.06.??"]
[Source "ChessBase"]
[SourceDate "1996.11.15"]

1. d4 Nf6 2. c4 g6 3. Nc3 Bg7 4. e4 d6 5. Nf3 O-O 6. Be2 e5 7. Be3 Ng4 8. Bg5
f6 9. Bh4 g5 10. Bg3 Nh6 11. dxe5 fxe5 12. h4 g4 13. Nh2 Be6 14. Nd5 Qd7 15.
Ne3 Kh8 16. Nhxg4 Rg8 17. h5 Nc6 18. Bh4 Raf8 19. Bg5 Nxg4 20. Bxg4 Nd4 21.
Bxe6 Nxe6 22. Bh4 Nd4 23. Ng4 Qe6 24. f3 Bh6 25. O-O Bg5 1/2-1/2